000
00222nam a22000977a 4500
040
_c
SK
082
_a
338
245
_a
Cambodia agricultural development options review (PHASE I)
260
_a
CAMBODIA
_b
NA
_c
NA
942
_c
AEDBB
999
_c
9589
_d
9589